Miasta Warmii z obrazem - Statystyki

Ogólne statystyki
  • Ten quiz został rozwiązany 43 razy
  • Średni wynik to 5 z 11
Statystyki odpowiedzi
Obrazkowy Odpowiedź % Poprawnych
Olsztyn
92%
Lidzbark Warminski
67%
Frombork
59%
Dobre Miasto
38%
Braniewo
36%
Orneta
36%
Reszel
33%
Melzak
31%
Barczewo
23%
Bisztynek
23%
Jeziorany
23%
Nie znaleziono quizów pasujących do podanych kryteriów
Rozkład punktacji
Procent ludzi z każdym wynikiem
Percentyl według liczby udzielonych odpowiedzi
Twoja historia wyników
Nie rozwiązałeś tego quizu